KOHA-Header-6

خزائن شریعت و طریقت (Record no. 13547)

000 -LEADER
fixed length control field 00358nam a22001217a 4500
082 ## - DEWEY DECIMAL CLASSIFICATION NUMBER
Classification number 297.02
Item number ا خ ت
100 ## - MAIN ENTRY--AUTHOR NAME
Personal name محمّد اختر
245 ## - TITLE STATEMENT
Title خزائن شریعت و طریقت
260 ## - PUBLICATION, DISTRIBUTION, ETC. (IMPRINT)
Place of publication کراچی
Name of publisher کتب خانہ مظہری
Year of publication ١٤٣٠ ھ
300 ## - PHYSICAL DESCRIPTION
Number of Pages ٤٨٦ صفحات
650 ## - SUBJECT ADDED ENTRY--TOPICAL TERM
Topical Term Islam, Khazain e Shariyat o Tariqat
942 ## - ADDED ENTRY ELEMENTS (KOHA)
Koha item type Books
Holdings
Withdrawn status Lost status Collection code Permanent Location Current Location Shelving location Date acquired Full call number Accession Number Koha item type
    Islamic Studies MAJU MAJU Shelf No.A-9 2022-12-13 297.02 ا خ ت 10644 Books

Powered by Koha